| 000 | 00487cam a2200193ua 4500 | ||
|---|---|---|---|
| 020 | _c67.50 | ||
| 041 |
_aeng _h |
||
| 082 |
_a658.501 _bBAN/IN |
||
| 100 | _aBanga, T.R. | ||
| 245 |
_aIndustrial engineering and management science / _cT R Banga. _hTextual Documents |
||
| 260 |
_aDelhi : _bKhanna publishers , _c1992. |
||
| 300 | _a849 ; . | ||
| 365 | _a67.50 | ||
| 504 | _a | ||
| 700 | 1 | _aAgarwal, N K . | |
| 700 | 1 | _aSharma, S.C. | |
| 942 | _cBK | ||
| 999 |
_c11111 _d11111 |
||